Využitie štatistickej a fraktálovej analýzy pri vyjadrení finančného rizika spojeného s obchodovaním na komoditných trhoch diplomová práca

Salvato in:
Dettagli Bibliografici
Autore principale: Beňo, Miroslav
Ente Autore: Fakulta hospodárskej informatiky EU. Katedra aplikovanej informatiky
Altri autori: Turňa, Ľubomír
Natura: Libro
Lingua:slovacco
Pubblicazione: Bratislava 2011
Tags: Aggiungi Tag
Nessun Tag, puoi essere il primo ad aggiungerne!!

MARC

LEADER 00000nbm a2200000 4500
001 0132314
005 20161109101806.4
041 0 |a slo 
044 |a SK 
245 1 0 |a Využitie štatistickej a fraktálovej analýzy pri vyjadrení finančného rizika spojeného s obchodovaním na komoditných trhoch  |b diplomová práca  |c Miroslav Beňo ; školiteľ: Ľubomír Turňa 
264 1 |a Bratislava  |c 2011 
300 |a 83 s. 
100 1 |a Beňo, Miroslav 
700 1 |a Turňa, Ľubomír 
710 2 |a Fakulta hospodárskej informatiky EU. Katedra aplikovanej informatiky